Normal view
MARC view
- Application and Algorithms
Entry Topical Term
001 - CONTROL NUMBER
- control field: 1426
003 - CONTROL NUMBER IDENTIFIER
- control field: NUST
005 - DATE AND TIME OF LATEST TRANSACTION
- control field: 20170525123657.0
008 - FIXED-LENGTH DATA ELEMENTS
- fixed length control field: 170525|| aca||aabn | a|a d
040 ## - CATALOGING SOURCE
- Original cataloging agency: NUST
- Transcribing agency: NUST
150 ## - HEADING--TOPICAL TERM
- Topical term or geographic name entry element: Application and Algorithms
670 ## - SOURCE DATA FOUND
- Source citation: Work cat.: (NUST)24753: H.B v-xvi,1-1418 (With CD ROM) Wayne L. Winston 1425, Operation Research Applications and Algorithms, c2004.
